| 000 | 00772nam a2200253 i 4500 | ||
|---|---|---|---|
| 001 | 8000 | ||
| 003 | ES-MaACL | ||
| 005 | 20230906145345.0 | ||
| 007 | t| | ||
| 008 | 910619s1990 sp ||||1| spa d | ||
| 020 | _a84-7658-220-X | ||
| 080 | _a72.01 | ||
| 080 | _a711.4 | ||
| 100 | 1 |
_aFernández Alba, Antonio. _949442 |
|
| 245 | 1 | 3 |
_aLa Metropoli vacia _b: aurora y crepusculo de la arquitectura en la ciudad moderna / _cAntonio Fernandez Alba. |
| 250 | _a1a ed. | ||
| 260 |
_aBarcelona : _bAnthropos, _c1990. |
||
| 300 |
_a206 p. : _bil. ; _c20 cm. |
||
| 490 | 1 |
_aPalabra plastica ; _v14 |
|
| 650 |
_aArquitectura y sociedad. _9173949 |
||
| 830 | 0 |
_aPalabra plastica ; _v14 _9177413 |
|
| 852 |
_aES-MaACL _jL-15316 _bR.118828 _z. - rust. |
||
| 999 |
_c8000 _d8000 |
||